<?xml version="1.0" encoding="UTF-8"?>
<record
    xmlns:xsi="http://www.w3.org/2001/XMLSchema-instance"
    xsi:schemaLocation="http://www.loc.gov/MARC21/slim http://www.loc.gov/standards/marcxml/schema/MARC21slim.xsd"
    xmlns="http://www.loc.gov/MARC21/slim">

  <leader>03564nam a22004577a 4500</leader>
  <controlfield tag="003">PE-LiUPU</controlfield>
  <controlfield tag="005">20250731180158.0</controlfield>
  <controlfield tag="008">220915b        |||||||| |||| 00| 0 spa d</controlfield>
  <datafield tag="020" ind1=" " ind2=" ">
    <subfield code="a">9786075265469</subfield>
  </datafield>
  <datafield tag="040" ind1=" " ind2=" ">
    <subfield code="a">PE-LiUPU</subfield>
    <subfield code="b">spa</subfield>
    <subfield code="c">PE-LiUPU</subfield>
    <subfield code="e">rda</subfield>
  </datafield>
  <datafield tag="041" ind1=" " ind2=" ">
    <subfield code="a">spa</subfield>
  </datafield>
  <datafield tag="082" ind1=" " ind2=" ">
    <subfield code="2">23</subfield>
    <subfield code="a">512.1</subfield>
    <subfield code="b">S979p</subfield>
  </datafield>
  <datafield tag="100" ind1="1" ind2=" ">
    <subfield code="a">Swokowski, Earl W. </subfield>
    <subfield code="e">autor</subfield>
  </datafield>
  <datafield tag="245" ind1="1" ind2="0">
    <subfield code="a">Prec&#xE1;lculo :</subfield>
    <subfield code="b">&#xE1;lgebra y trigonometr&#xED;a con geometr&#xED;a anal&#xED;tica /</subfield>
    <subfield code="c">Earl W. Swokowski, Jeffery A. Cole </subfield>
  </datafield>
  <datafield tag="264" ind1=" " ind2=" ">
    <subfield code="a">M&#xE9;xico :</subfield>
    <subfield code="b">Cengage Learning,</subfield>
    <subfield code="c">2018</subfield>
  </datafield>
  <datafield tag="300" ind1=" " ind2=" ">
    <subfield code="a">xvii, 787 p&#xE1;ginas :</subfield>
    <subfield code="b">ilustraciones ;</subfield>
    <subfield code="c">27 cent&#xED;metros</subfield>
  </datafield>
  <datafield tag="500" ind1=" " ind2=" ">
    <subfield code="a">Incluye &#xED;ndice</subfield>
  </datafield>
  <datafield tag="505" ind1=" " ind2=" ">
    <subfield code="a">Temas de &#xE1;lgebra -- N&#xFA;meros reales -- Exponentes y radicales -- Expresiones algebraicas -- Ecuaciones -- Desigualdades -- Funciones y gr&#xE1;ficas -- Sistemas de coordenadas rectangulares -- Gr&#xE1;ficas de ecuaciones -- Rectas -- Definici&#xF3;n de funci&#xF3;n -- Gr&#xE1;ficas de funciones -- Funciones cuadr&#xE1;ticas -- Operaciones con funciones -- Funciones polinomiales y racionales -- Funciones polinomiales de grado mayor que 2 -- Propiedades de la divisi&#xF3;n -- Ceros de polinomios -- Ceros complejos y racionales de polinomios -- Funciones racionales -- Variaci&#xF3;n -- Funciones inversas, exponenciales y logar&#xED;tmicas -- Funciones inversas -- Funciones exponenciales -- La funci&#xF3;n exponencial natural -- Funciones logar&#xED;tmicas -- Propiedades de los logaritmos -- Ecuaciones exponenciales y logar&#xED;tmicas -- Funciones trigonom&#xE9;tricas -- &#xC1;ngulos -- Funciones trigonom&#xE9;tricas de los &#xE1;ngulos -- Funciones trigonom&#xE9;tricas de los n&#xFA;meros reales 3Valores de las funciones trigonom&#xE9;tricas -- Gr&#xE1;ficas trigonom&#xE9;tricas -- Gr&#xE1;ficas trigonom&#xE9;tricas adicionales -- Problemas aplicados &#x2013; Trigonometr&#xED;a anal&#xED;tica -- Verificaci&#xF3;n de identidades trigonom&#xE9;tricas -- Ecuaciones trigonom&#xE9;tricas -- F&#xF3;rmulas de suma y resta -- Formulas de m&#xFA;ltiplos de un &#xE1;ngulo -- Formulas de producto a suma y suma a producto -- Funciones trigonom&#xE9;tricas inversas -- Aplicaciones de trigonometr&#xED;a -- Ley de los senos -- Ley de los cosenos -- Vectores -- El producto punto -- Forma trigonom&#xE9;trica de n&#xFA;meros complejos -- Teorema de De Moivre y las ra&#xED;ces n-&#xE9;simas de n&#xFA;meros complejos -- Sistemas de ecuaciones -- Sistemas de ecuaciones lineales con dos variables -- Sistemas de desigualdades -- Programaci&#xF3;n lineal -- Sistemas de ecuaciones lineales con m&#xE1;s de dos variables -- &#xC1;lgebra de matrices -- El inverso de una matriz -- Determinantes &#x2013; Propiedades de los determinantes -- Fracciones parciales &#x2013; Sucesiones, series y probabilidad &#x2013; Sucesiones infinitas y notaci&#xF3;n de sumatoria -- Sucesiones aritm&#xE9;ticas -- Sucesiones geom&#xE9;tricas -- Inducci&#xF3;n matem&#xE1;tica -- Teorema del binomio -- Permutaciones -- Permutaciones y combinaciones distinguibles -- Probabilidad -- Temas de geometr&#xED;a anal&#xED;tica -- Par&#xE1;bolas -- Elipses -- Hip&#xE9;rbolas -- Curvas planas y ecuaciones param&#xE9;tricas -- Coordenadas polares -- Ecuaciones polares de c&#xF3;nicas.</subfield>
  </datafield>
  <datafield tag="526" ind1=" " ind2=" ">
    <subfield code="a">SEG44</subfield>
  </datafield>
  <datafield tag="526" ind1=" " ind2=" ">
    <subfield code="a">SEG26</subfield>
  </datafield>
  <datafield tag="526" ind1=" " ind2=" ">
    <subfield code="a">P159</subfield>
  </datafield>
  <datafield tag="526" ind1=" " ind2=" ">
    <subfield code="a">P155</subfield>
  </datafield>
  <datafield tag="526" ind1=" " ind2=" ">
    <subfield code="a">P154</subfield>
  </datafield>
  <datafield tag="526" ind1=" " ind2=" ">
    <subfield code="a">P153</subfield>
  </datafield>
  <datafield tag="526" ind1=" " ind2=" ">
    <subfield code="a">P150</subfield>
  </datafield>
  <datafield tag="526" ind1=" " ind2=" ">
    <subfield code="a">P100</subfield>
  </datafield>
  <datafield tag="526" ind1=" " ind2=" ">
    <subfield code="a">P31</subfield>
  </datafield>
  <datafield tag="526" ind1=" " ind2=" ">
    <subfield code="a">P30</subfield>
  </datafield>
  <datafield tag="526" ind1=" " ind2=" ">
    <subfield code="a">P26</subfield>
  </datafield>
  <datafield tag="526" ind1=" " ind2=" ">
    <subfield code="a">P25</subfield>
  </datafield>
  <datafield tag="526" ind1=" " ind2=" ">
    <subfield code="a">P24</subfield>
  </datafield>
  <datafield tag="526" ind1=" " ind2=" ">
    <subfield code="a">P22</subfield>
  </datafield>
  <datafield tag="526" ind1=" " ind2=" ">
    <subfield code="a">P15</subfield>
  </datafield>
  <datafield tag="526" ind1=" " ind2=" ">
    <subfield code="a">P10</subfield>
  </datafield>
  <datafield tag="650" ind1="1" ind2="7">
    <subfield code="2">LEMB</subfield>
    <subfield code="a">&#xC1;lgebra</subfield>
    <subfield code="9">20</subfield>
  </datafield>
  <datafield tag="650" ind1="2" ind2="7">
    <subfield code="2">LEMB</subfield>
    <subfield code="a">Trigonometr&#xED;a</subfield>
  </datafield>
  <datafield tag="650" ind1="3" ind2="7">
    <subfield code="a">Geometr&#xED;a anal&#xED;tica</subfield>
    <subfield code="9">21</subfield>
  </datafield>
  <datafield tag="700" ind1="1" ind2=" ">
    <subfield code="a">Cole, Jeffery A. </subfield>
    <subfield code="e">autor</subfield>
  </datafield>
  <datafield tag="942" ind1=" " ind2=" ">
    <subfield code="c">BOOK</subfield>
    <subfield code="n">0</subfield>
    <subfield code="2">ddc</subfield>
  </datafield>
  <datafield tag="980" ind1=" " ind2=" ">
    <subfield code="6">18226</subfield>
    <subfield code="a">Jaime Vilcaz&#xE1;n</subfield>
    <subfield code="8">1</subfield>
    <subfield code="g">ALBERTO SANCHEZ Responsable de Automatizaci&#xF3;n</subfield>
  </datafield>
  <datafield tag="999" ind1=" " ind2=" ">
    <subfield code="c">61574</subfield>
    <subfield code="d">61574</subfield>
  </datafield>
  <datafield tag="952" ind1=" " ind2=" ">
    <subfield code="r">2026-04-09 10:41:10</subfield>
    <subfield code="i">1</subfield>
    <subfield code="l">10</subfield>
    <subfield code="m">2</subfield>
    <subfield code="o">512.1 S979p</subfield>
    <subfield code="p">81126</subfield>
    <subfield code="s">2026-04-06</subfield>
    <subfield code="t">e1</subfield>
    <subfield code="v">46.93</subfield>
    <subfield code="w">2022-09-15</subfield>
    <subfield code="x">FACIHED</subfield>
    <subfield code="y">BK</subfield>
    <subfield code="z">inventario-2023-12-13</subfield>
    <subfield code="1">0</subfield>
    <subfield code="2">ddc</subfield>
    <subfield code="5">0</subfield>
    <subfield code="7">0</subfield>
    <subfield code="8">GEN</subfield>
    <subfield code="f">P15</subfield>
    <subfield code="a">BUL</subfield>
    <subfield code="b">BUL</subfield>
    <subfield code="c">GEN</subfield>
    <subfield code="d">2022-08-23</subfield>
    <subfield code="e">LIBUN</subfield>
    <subfield code="g">41.93</subfield>
  </datafield>
</record>
